00756nam a22001817a 4500003000900000008004100009040007100050082001900121100002100140245008000161260003000241300003800271505013900309650001800448650002400466710003900490710004500529AR-CdUCM190503b           ||||| |||| 00| 0 spa d  aMUNICIPALIDAD PROVINCIAL DEL CUSCOcBIBLIOTECA MUNICIPAL DEL CUSCO  a621.381 /bR65  aRobinson, Vester  aConceptos sobre electrónica :bUn manual programado de auto enseñanza /  aMéxico :bDiana,c1974.  a367 paginas ;bDiagramas,c17 cm.  aContenido :Tubos electrónicos --Dispositivos de estado solido --Convención de energía --Control de voltaje --Amplificación ...  aElectrónica  aTextos programados.  aCentro regional de ayuda técnica  aAgencia para el desarrollo internacional